Welcome to CU Library Online Public Access Catalogue (OPAC)

Introduction to human disease / (Record no. 3203)

MARC details
000 -LEADER
fixed length control field 00724pam a2200241 a 4500
001 - CONTROL NUMBER
control field 4296990
005 - DATE AND TIME OF LATEST TRANSACTION
control field 20250129110852.0
008 - FIXED-LENGTH DATA ELEMENTS--GENERAL INFORMATION
fixed length control field 860709s1987 ctua 001 0 eng c
020 ## - INTERNATIONAL STANDARD BOOK NUMBER
International Standard Book Number 0838543464
050 10 - LIBRARY OF CONGRESS CALL NUMBER
Classification number RB111
Item number .K45 1987
082 00 - DEWEY DECIMAL CLASSIFICATION NUMBER
Classification number 616.07
Edition information 19
100 1# - MAIN ENTRY--PERSONAL NAME
Personal name Kent, Thomas H.
Fuller form of name (Thomas Hugh),
Dates associated with a name 1934-
245 10 - TITLE STATEMENT
Title Introduction to human disease /
Statement of responsibility, etc. Thomas H. Kent, Michael Noel Hart.
250 ## - EDITION STATEMENT
Edition statement 2nd ed.
260 ## - PUBLICATION, DISTRIBUTION, ETC.
Place of publication, distribution, etc. Norwalk, Conn. :
Name of publisher, distributor, etc. Appleton-Century-Crofts,
Date of publication, distribution, etc. c1987.
300 ## - PHYSICAL DESCRIPTION
Extent vii, 631 p. :
Other physical details ill. ;
Dimensions 25 cm.
500 ## - GENERAL NOTE
General note Includes index.
650 #0 - SUBJECT ADDED ENTRY--TOPICAL TERM
Topical term or geographic name entry element Pathology.
650 #0 - SUBJECT ADDED ENTRY--TOPICAL TERM
Topical term or geographic name entry element Allied health personnel.
650 #2 - SUBJECT ADDED ENTRY--TOPICAL TERM
Topical term or geographic name entry element Pathology.
700 1# - ADDED ENTRY--PERSONAL NAME
Personal name Hart, Michael Noel,
Dates associated with a name 1938-
942 ## - ADDED ENTRY ELEMENTS (KOHA)
Source of classification or shelving scheme Library of Congress Classification
Koha item type Books
Edition 2nd ed.
Suppress in OPAC No
999 ## -
-- 3203
-- 3203
Holdings
Withdrawn status Lost status Source of classification or shelving scheme Damaged status Not for loan Collection Home library Current library Shelving location Date acquired Total checkouts Full call number Barcode Date last seen Copy number Price effective from Koha item type
    Library of Congress Classification     Non-fiction Science Library (Miotso) Science Library (Miotso) General stacks 01/29/2025   RB111 .K45 KEN SLM00002509 01/29/2025 1 01/29/2025 Books
© 2023-2024 Copyright: Central University Libraries. All Rights Reserved | Created by: Mahone Tech Office